[Event "Czech Open Rapid 2019"]
[Site "Pardubice"]
[Date "2019.07.18"]
[Round "9.23"]
[White "Vokoun, Jan"]
[Black "Retinsky, Vladimir"]
[Result "1-0"]
[WhiteElo "2072"]
[BlackElo "2343"]
[Annotator "TA"]
[PlyCount "107"]
[EventDate "2019.07.17"]
[EventType "swiss"]
[EventCountry "CZE"]
[SourceTitle "playchess.com"]
[Source "ChessBase"]
[SourceQuality "1"]

1. Nf3 d5 2. g3 Nf6 3. Bg2 c6 4. O-O Bf5 5. d3 e6 6. Nbd2 Be7 7. Qe1 h6 8. e4 Bh7 9. Qe2 O-O 10. b3 a5 11. a4 Na6 12. Bb2 Nb4 13. Rfc1 Nd7 14. Ne1 Bf6 15. e5 Be7 16. c3 Na6 17. f4 c5 18. Kh1 Rc8 19. Nef3 Ndb8 20. Nf1 Nc6 21. g4 Qd7 22. Ng3 c4 23. bxc4 dxc4 24. d4 Nc7 25. Ba3 Bd3 26. Qd2 Bxa3 27. Rxa3 f6 28. exf6 Rxf6 29. g5 hxg5 30. fxg5 Rf7 31. Nh4 Nd5 32. g6 Rff8 33. Qg5 Nf4 34. Re1 Qe7 35. Qxe7 Nxe7 36. Bxb7 Rb8 37. Be4 Bxe4+ 38. Nxe4 Nexg6 39. Nxg6 Nxg6 40. Ra2 Nf4 41. Nc5 Rf6 42. Nd7 Rb3 43. Nxf6+ gxf6 44. Rf2 Nd3 45. Rg1+ Kf7 46. Rc2 Nf4 47. h4 Nd5 48. Rg3 Ra3 49. h5 Rb3 50. h6 Rb8 51. Rg7+ Kf8 52. Rcg2 Ne7 53. h7 Rb1+ 54. Kh2 1-0

[Event "Czech Open Rapid 2019"]
[Site "Pardubice"]
[Date "2019.07.18"]
[Round "9.23"]
[White "Voriskova, Anna"]
[Black "Grabinsky, Vladimir"]
[Result "0-1"]
[WhiteElo "1675"]
[BlackElo "2226"]
[Annotator "NA"]
[PlyCount "137"]
[EventDate "2019.07.17"]
[EventType "swiss"]
[EventCountry "CZE"]
[SourceTitle "playchess.com"]
[Source "ChessBase"]
[SourceQuality "1"]

1. e4 c5 2. Nf3 a6 3. c3 d5 4. exd5 Qxd5 5. d4 Nf6 6. Be2 cxd4 7. cxd4 e6 8. O-O Nc6 9. Nc3 Qd6 10. h3 Be7 11. Be3 b5 12. Qb3 O-O 13. Rad1 Bb7 14. Rfe1 Rac8 15. Qc2 Na5 16. Qb1 Nc4 17. Bxc4 Rxc4 18. Ne5 Rcc8 19. Bf4 Nd5 20. Ne4 Qd8 21. Bh2 f6 22. Nd3 Nb4 23. Nec5 Bxc5 24. Nxc5 Ba8 25. Nxe6 Qd5 26. Nf4 Qxa2 27. Qxa2+ Nxa2 28. Nd3 Rfd8 29. Nf4 Nb4 30. Ne6 Rd7 31. Nc5 Rd5 32. Nb3 Kf7 33. Bg3 Rc2 34. Rb1 Nd3 35. Red1 Nxb2 36. Rdc1 Rxc1+ 37. Rxc1 Nc4 38. Ra1 Bb7 39. Kf1 h5 40. f3 g5 41. Ke2 Rd8 42. Bf2 Ra8 43. Na5 Bd5 44. Kd3 Be6 45. Kc3 Rc8 46. Kd3 Bf5+ 47. Ke2 Nxa5 48. Rxa5 Rc2+ 49. Ke3 Bc8 50. Be1 Rxg2 51. d5 Rc2 52. d6 Ke6 53. Kd3 Rc4 54. Bg3 h4 55. Bh2 f5 56. Ra1 f4 57. Rg1 Kf5 58. Rd1 Bd7 59. Bg1 Kf6 60. Bb6 Rc6 61. Bc7 Bf5+ 62. Ke2 Rc2+ 63. Ke1 Bd7 64. Rd3 b4 65. Rd4 b3 66. Kd1 Ra2 67. Rb4 b2 68. Bb6 Ba4+ 69. Rxa4 0-1

[Event "Czech Open Rapid 2019"]
[Site "Pardubice"]
[Date "2019.07.18"]
[Round "9.24"]
[White "Novotny, Michal"]
[Black "Zpevakova, Jana"]
[Result "1-0"]
[WhiteElo "2280"]
[BlackElo "2109"]
[Annotator "NA"]
[PlyCount "63"]
[EventDate "2019.07.17"]
[EventType "swiss"]
[EventCountry "CZE"]
[SourceTitle "playchess.com"]
[Source "ChessBase"]
[SourceQuality "1"]

1. d4 d5 2. Nf3 Nf6 3. e3 c5 4. dxc5 Qa5+ 5. Nc3 Qxc5 6. Qd4 e6 7. Bd2 Nc6 8. Qxc5 Bxc5 9. O-O-O Bd7 10. Bb5 O-O-O 11. Na4 Bd6 12. c4 dxc4 13. Bxc4 Nb4 14. Nc3 Kb8 15. Kb1 Bc6 16. Ng5 Rhf8 17. f3 h6 18. Nh3 Nbd5 19. e4 Nb6 20. Bb3 Nfd7 21. Bxh6 Be5 22. Bg5 Rc8 23. Bf4 Bxf4 24. Nxf4 Nc5 25. h4 Nxb3 26. axb3 Nd7 27. h5 a6 28. Nd3 b5 29. b4 Nb6 30. Nc5 Ka7 31. b3 Rh8 32. Kb2 1-0

[Event "Czech Open Rapid 2019"]
[Site "Pardubice"]
[Date "2019.07.18"]
[Round "9.24"]
[White "Chubar, Vladimir"]
[Black "Mojzis, Jaroslav"]
[Result "1-0"]
[WhiteElo "1927"]
[BlackElo "2095"]
[Annotator "NA"]
[PlyCount "168"]
[EventDate "2019.07.17"]
[EventType "swiss"]
[EventCountry "CZE"]
[SourceTitle "playchess.com"]
[Source "ChessBase"]
[SourceQuality "1"]

1. Nf3 Nf6 2. d4 e6 3. Bg5 d5 4. Nc3 Be7 5. Bxf6 gxf6 6. e4 dxe4 7. Nxe4 Bd7 8. Bc4 Bc6 9. Qe2 Bxe4 10. Qxe4 c6 11. O-O-O Nd7 12. Rhe1 Nb6 13. Bb3 Qd7 14. c4 O-O-O 15. d5 cxd5 16. cxd5 e5 17. Nh4 Kb8 18. Kb1 Nc8 19. Ba4 b5 20. Bc2 Nd6 21. Qf3 Rc8 22. Bf5 Nxf5 23. Nxf5 Bd6 24. Qd3 Rc5 25. Rc1 Rhc8 26. Ne3 Rxc1+ 27. Rxc1 Rxc1+ 28. Kxc1 Bc5 29. Kd1 Bxe3 30. fxe3 f5 31. e4 fxe4 32. Qxe4 f6 33. Ke2 h5 34. h3 a5 35. a3 Qd6 36. Kf2 b4 37. a4 Kc7 38. Qc4+ Kb7 39. Kf3 Qd7 40. Ke4 Qxa4 41. Kf5 Qd7+ 42. Kxf6 Qd6+ 43. Kg5 e4 44. Qxe4 a4 45. Kxh5 a3 46. bxa3 bxa3 47. Qb1+ Kc7 48. Qc2+ Kd7 49. Qb3 Qe5+ 50. Kh4 Qb2 51. Qa4+ Kd6 52. Qc6+ Ke5 53. Qe6+ Kd4 54. d6 Qf2+ 55. g3 a2 56. d7 Qf8 57. Qb6+ Ke4 58. d8=Q Qxd8+ 59. Qxd8 a1=Q 60. Qe7+ Kf3 61. Qb7+ Ke3 62. Qb6+ Kf3 63. Qc6+ Ke3 64. Qc5+ Kf3 65. Qd5+ Ke3 66. g4 Qh8+ 67. Kg3 Qb8+ 68. Kh4 Qh8+ 69. Qh5 Qf8 70. Qe5+ Kd2 71. g5 Qf2+ 72. Kh5 Qf3+ 73. Kh4 Qf2+ 74. Qg3 Qf5 75. g6 Qe4+ 76. Qg4 Qe1+ 77. Kh5 Qe8 78. Qg5+ Kd3 79. Qf5+ Ke3 80. Qg5+ Ke4 81. Qf6 Qb5+ 82. Kh6 Qd7 83. h4 Qg4 84. g7 Kd5 1-0

[Event "Czech Open Rapid 2019"]
[Site "Pardubice"]
[Date "2019.07.18"]
[Round "9.25"]
[White "Tarakanov, Oleg"]
[Black "Punin, Andrii"]
[Result "1/2-1/2"]
[WhiteElo "2118"]
[BlackElo "2305"]
[Annotator "NA"]
[PlyCount "104"]
[EventDate "2019.07.17"]
[EventType "swiss"]
[EventCountry "CZE"]
[SourceTitle "playchess.com"]
[Source "ChessBase"]
[SourceQuality "1"]

1. e4 d5 2. exd5 Qxd5 3. Nc3 Qd6 4. Nf3 Nf6 5. d4 c6 6. Bc4 Bg4 7. Be3 e6 8. h3 Bh5 9. Be2 Nbd7 10. O-O Qc7 11. a3 Bd6 12. Nd2 Bxe2 13. Qxe2 O-O 14. Nc4 Nd5 15. Nxd5 cxd5 16. Nxd6 Qxd6 17. Rad1 Rac8 18. c3 Nb6 19. Rd3 Nc4 20. Bc1 Qd7 21. Re1 Rce8 22. Rg3 f5 23. Rf3 a5 24. Qc2 b5 25. Bf4 a4 26. Qc1 Rf6 27. Rg3 Rg6 28. Rxg6 hxg6 29. Re2 Kf7 30. Bg3 Qe7 31. Bf4 Rh8 32. Bg5 Qd6 33. Bf4 Qd7 34. Bg5 Nd6 35. Bf4 Rh5 36. Qe3 Nc4 37. Qf3 Rh8 38. Bg5 Qd6 39. Bf4 Qd8 40. Qg3 Qh4 41. Qxh4 Rxh4 42. Bg5 Rh5 43. h4 Rh8 44. g3 Re8 45. Bf4 Nb6 46. Kf1 Nd7 47. Ke1 Nf6 48. f3 Nd7 49. Kd2 Nb6 50. Kc2 Nc4 51. Re1 Re7 52. Re2 Re8 1/2-1/2

[Event "Czech Open Rapid 2019"]
[Site "Pardubice"]
[Date "2019.07.18"]
[Round "9.25"]
[White "Krouzel, Jaroslav"]
[Black "Medvedyk, Volodymyr"]
[Result "1-0"]
[WhiteElo "2117"]
[BlackElo "2197"]
[Annotator "NA"]
[PlyCount "57"]
[EventDate "2019.07.17"]
[EventType "swiss"]
[EventCountry "CZE"]
[SourceTitle "playchess.com"]
[Source "ChessBase"]
[SourceQuality "1"]

1. d4 Nf6 2. c4 g6 3. Nc3 Bg7 4. e4 O-O 5. Be2 d6 6. Bg5 Na6 7. f4 c6 8. e5 dxe5 9. dxe5 Nd7 10. Nf3 f6 11. exf6 exf6 12. Bh4 Qe7 13. Qd2 Ndc5 14. O-O Rd8 15. Qc1 Nb4 16. Re1 Qc7 17. Qe3 Ne6 18. Rac1 Qxf4 19. Qxf4 Nxf4 20. Bf1 Kf7 21. Rcd1 Nbd3 22. Re3 Bf5 23. g4 Bxg4 24. Bxd3 Bh6 25. Ne5+ fxe5 26. Bxg6+ Nxg6 27. Rxd8 Bxe3+ 28. Kf1 Rxd8 29. Bxd8 1-0

[Event "Czech Open Rapid 2019"]
[Site "Pardubice"]
[Date "2019.07.18"]
[Round "9.26"]
[White "Rytenko, Vsevolod"]
[Black "Zdrazil, Tomas"]
[Result "1/2-1/2"]
[WhiteElo "2303"]
[BlackElo "2130"]
[Annotator "TA"]
[PlyCount "140"]
[EventDate "2019.07.17"]
[EventType "swiss"]
[EventCountry "CZE"]
[SourceTitle "playchess.com"]
[Source "ChessBase"]
[SourceQuality "1"]

1. d4 Nf6 2. Nf3 g6 3. g3 Bg7 4. Bg2 d5 5. O-O O-O 6. c4 c6 7. cxd5 cxd5 8. Nc3 Nc6 9. Ne5 Bf5 10. Qa4 Qb6 11. e3 e6 12. f4 Nxe5 13. fxe5 Ne4 14. Nxe4 Bxe4 15. Bxe4 dxe4 16. Qc2 Rac8 17. Qxe4 Qc6 18. Qxc6 Rxc6 19. Bd2 Rc2 20. Bc3 Bh6 21. Rf3 Re2 22. Re1 Rxe1+ 23. Bxe1 Rc8 24. Bc3 b5 25. e4 Bf8 26. a3 Rc4 27. Kf2 a5 28. Rd3 b4 29. axb4 axb4 30. Bd2 Rc2 31. b3 Bh6 32. Ke2 Rb2 33. d5 Kf8 34. d6 Ke8 35. Kd1 Bxd2 36. Rxd2 Rxb3 37. Rd4 Kd7 38. Kc2 Rc3+ 39. Kd2 Rc5 40. Rxb4 Rxe5 41. Rb7+ Kxd6 42. Rxf7 Rxe4 43. Rxh7 Ke5 44. Kd3 Ra4 45. Ke3 Ra3+ 46. Kf2 Kf5 47. Kg2 Ra2+ 48. Kf3 Ra3+ 49. Kg2 Ra2+ 50. Kh3 Ra3 51. Rf7+ Kg5 52. Rf2 e5 53. Re2 Kf5 54. Kg2 Rb3 55. Rc2 Ra3 56. h3 Rb3 57. Rf2+ Kg5 58. Re2 Kf5 59. Kf2 e4 60. Ra2 Rb5 61. Ra3 Ke5 62. Ke3 Rd5 63. Rb3 Ra5 64. g4 Rd5 65. h4 Rd3+ 66. Rxd3 exd3 67. h5 gxh5 68. gxh5 Kf5 69. Kxd3 Kg5 70. Ke4 Kxh5 1/2-1/2

[Event "Czech Open Rapid 2019"]
[Site "Pardubice"]
[Date "2019.07.18"]
[Round "9.26"]
[White "Dobes, Vojtech"]
[Black "Dolensky, Filip"]
[Result "1/2-1/2"]
[WhiteElo "2212"]
[BlackElo "1609"]
[Annotator "NA"]
[PlyCount "74"]
[EventDate "2019.07.17"]
[EventType "swiss"]
[EventCountry "CZE"]
[SourceTitle "playchess.com"]
[Source "ChessBase"]
[SourceQuality "1"]

1. e4 c5 2. Nf3 a6 3. Nc3 e6 4. d4 cxd4 5. Nxd4 Qc7 6. Bd3 Nf6 7. O-O d6 8. Qe2 Be7 9. Kh1 Nbd7 10. f4 b6 11. Bd2 Bb7 12. a4 O-O 13. Rae1 Nc5 14. b4 Ncd7 15. e5 Nd5 16. Nxd5 Bxd5 17. c4 Bb7 18. Qh5 g6 19. Qh6 dxe5 20. Bxg6 fxg6 21. Nxe6 Bxg2+ 22. Kg1 Rf7 23. Nxc7 Bxf1 24. Nxa8 Bxc4 25. fxe5 Rf5 26. e6 Ne5 27. Rxe5 Rxe5 28. Nxb6 Bxe6 29. Bc3 Bg5 30. Bxe5 Bxh6 31. Kf2 Bf8 32. Bc3 Bd6 33. h4 Bc7 34. a5 Kf7 35. Na4 Bc4 36. Nc5 Bd8 37. Kg3 Be7 1/2-1/2

[Event "Czech Open Rapid 2019"]
[Site "Pardubice"]
[Date "2019.07.18"]
[Round "9.27"]
[White "Sydoryka, Vladyslav"]
[Black "Karalkin, Maksim"]
[Result "1-0"]
[WhiteElo "2315"]
[BlackElo "2137"]
[Annotator "NA"]
[PlyCount "93"]
[EventDate "2019.07.17"]
[EventType "swiss"]
[EventCountry "CZE"]
[SourceTitle "playchess.com"]
[Source "ChessBase"]
[SourceQuality "1"]

1. c4 e6 2. g3 d5 3. Bg2 Nf6 4. Nf3 Be7 5. O-O O-O 6. b3 c5 7. cxd5 Nxd5 8. Bb2 Nc6 9. d3 b6 10. a3 Bb7 11. Qc2 Bf6 12. Nbd2 Rc8 13. Rfc1 Bxb2 14. Qxb2 Qf6 15. Rab1 Qxb2 16. Rxb2 Rfd8 17. Kf1 f6 18. Nc4 Kf7 19. Ne3 Nce7 20. Ke1 Nxe3 21. fxe3 Nd5 22. Kf2 h6 23. e4 Ne7 24. e5 f5 25. Ng5+ hxg5 26. Bxb7 Rc7 27. Bg2 Ng6 28. b4 Nxe5 29. bxc5 bxc5 30. Rb5 Rxd3 31. exd3 Nxd3+ 32. Ke3 Nxc1 33. Kd2 Na2 34. Rb2 Nb4 35. axb4 cxb4 36. Rxb4 Kf6 37. Ra4 g4 38. Ra6 Rd7+ 39. Ke3 g5 40. Bf1 Rh7 41. Bc4 f4+ 42. Ke4 Rxh2 43. Rxe6+ Kg7 44. gxf4 g3 45. Re7+ Kh8 46. Kf5 Rc2 47. Ke4 1-0

[Event "Czech Open Rapid 2019"]
[Site "Pardubice"]
[Date "2019.07.18"]
[Round "9.27"]
[White "Korchagin, Oleg"]
[Black "Chovanec, Vladimir"]
[Result "1-0"]
[WhiteElo "2056"]
[BlackElo "2047"]
[Annotator "NA"]
[PlyCount "65"]
[EventDate "2019.07.17"]
[EventType "swiss"]
[EventCountry "CZE"]
[SourceTitle "playchess.com"]
[Source "ChessBase"]
[SourceQuality "1"]

1. d4 Nf6 2. c4 g6 3. Nc3 Bg7 4. e4 d6 5. Be2 O-O 6. Nf3 e5 7. O-O Nc6 8. d5 Ne7 9. b4 a5 10. bxa5 Nd7 11. Nd2 f5 12. Nb3 Nf6 13. f3 f4 14. Nb5 g5 15. Ba3 h5 16. c5 Ne8 17. Rc1 Rf7 18. Nxc7 Nxc7 19. cxd6 Ng6 20. dxc7 Rxc7 21. Bc4 Kh7 22. d6 Rc6 23. Bd5 Rxc1 24. Qxc1 Bf8 25. Rd1 Kh6 26. Bf7 Ra6 27. Bxg6 Kxg6 28. d7 Bxd7 29. Bxf8 Qxf8 30. Rxd7 Rc6 31. Qd2 g4 32. Rxb7 Rd6 33. Rb6 1-0

[Event "Czech Open Rapid 2019"]
[Site "Pardubice"]
[Date "2019.07.18"]
[Round "9.28"]
[White "Yandarbiev, Ruslan"]
[Black "Dixit, Nikhil"]
[Result "1/2-1/2"]
[WhiteElo "2270"]
[BlackElo "2318"]
[Annotator "TA"]
[PlyCount "92"]
[EventDate "2019.07.17"]
[EventType "swiss"]
[EventCountry "CZE"]
[SourceTitle "playchess.com"]
[Source "ChessBase"]
[SourceQuality "1"]

1. e4 g6 2. d4 Bg7 3. Nf3 d6 4. Nc3 Nf6 5. Bc4 O-O 6. Qe2 c6 7. Bb3 e6 8. e5 dxe5 9. dxe5 Nd5 10. Ne4 Qc7 11. c4 Nb6 12. Bg5 N8d7 13. Nf6+ Nxf6 14. exf6 Bh8 15. Nd2 Nd7 16. Ne4 Qa5+ 17. Bd2 Qc7 18. Bc3 e5 19. Qf3 c5 20. O-O-O b5 21. cxb5 c4 22. Bc2 Bb7 23. h4 Rad8 24. h5 Bxe4 25. Bxe4 Nxf6 26. Rxd8 Rxd8 27. hxg6 fxg6 28. Bc2 Bg7 29. Qh3 Re8 30. Rd1 Qc5 31. g4 Qxb5 32. g5 Nd5 33. Rh1 Nxc3 34. Qxh7+ Kf8 35. bxc3 Qc5 36. Qxg6 Qa3+ 37. Kd1 Qxc3 38. Qd6+ Re7 39. Rh4 Qf3+ 40. Ke1 Qc3+ 41. Kd1 Qf3+ 42. Kc1 Qxf2 43. Qd8+ Re8 44. Qd6+ Re7 45. Qd8+ Re8 46. Qd6+ Re7 1/2-1/2

[Event "Czech Open Rapid 2019"]
[Site "Pardubice"]
[Date "2019.07.18"]
[Round "9.28"]
[White "Eliseev, Sergey"]
[Black "Svoboda, Petr"]
[Result "1-0"]
[WhiteElo "2053"]
[BlackElo "2088"]
[Annotator "NA"]
[PlyCount "99"]
[EventDate "2019.07.17"]
[EventType "swiss"]
[EventCountry "CZE"]
[SourceTitle "playchess.com"]
[Source "ChessBase"]
[SourceQuality "1"]

1. d4 Nf6 2. Nf3 g6 3. Bg5 Ne4 4. Bf4 Bg7 5. e3 d5 6. Nbd2 Bg4 7. Be2 O-O 8. h3 Bf5 9. O-O Nd7 10. c4 c6 11. Nxe4 dxe4 12. Nh4 e5 13. Nxf5 exf4 14. Nxg7 fxe3 15. fxe3 Kxg7 16. b4 Qg5 17. Qd2 Nb6 18. a4 Rad8 19. a5 Nc8 20. Qc3 Kg8 21. Ra3 Nd6 22. Rf4 Nf5 23. Bg4 Nd6 24. a6 b6 25. Ra1 h5 26. Be2 Qe7 27. Qc2 f5 28. Qb3 Kh7 29. h4 g5 30. hxg5 Qxg5 31. c5 Rg8 32. Bf1 bxc5 33. bxc5 Ne8 34. Qf7+ Rg7 35. Qxf5+ Qxf5 36. Rxf5 Kh6 37. Be2 Rg5 38. Rf4 Nc7 39. Rxe4 Rdg8 40. Bf3 Nd5 41. Re6+ Kh7 42. Bxd5 cxd5 43. Ra2 h4 44. Kh2 R8g7 45. Rc2 Rc7 46. Kh3 Rh5 47. Rb2 Kg8 48. Rb7 Rc8 49. Rxa7 Kf8 50. Rb7 1-0

[Event "Czech Open Rapid 2019"]
[Site "Pardubice"]
[Date "2019.07.18"]
[Round "9.29"]
[White "Ludvik, Tomas"]
[Black "Bykova, Anastasia"]
[Result "1-0"]
[WhiteElo "2334"]
[BlackElo "2229"]
[Annotator "NA"]
[PlyCount "69"]
[EventDate "2019.07.17"]
[EventType "swiss"]
[EventCountry "CZE"]
[SourceTitle "playchess.com"]
[Source "ChessBase"]
[SourceQuality "1"]

1. d4 d5 2. c4 c6 3. Nf3 Nf6 4. e3 Bf5 5. Nc3 e6 6. Nh4 Bg6 7. Nxg6 hxg6 8. Bd2 Be7 9. Bd3 dxc4 10. Bxc4 a6 11. Qf3 b5 12. Bb3 Ra7 13. a4 b4 14. Ne4 Nxe4 15. Qxe4 a5 16. Rc1 Rc7 17. Qe5 c5 18. d5 Rh5 19. Qxg7 Bf8 20. Qg8 exd5 21. e4 Qf6 22. O-O Rh8 23. Bg5 Qxb2 24. Rc2 Qxc2 25. Qxh8 Qxe4 26. Bxd5 Qe2 27. Bc4 Qe4 28. Bh6 Nd7 29. Bb5 Ke7 30. Bxd7 Bxh6 31. Qe8+ Kf6 32. Qxe4 Rxd7 33. Qc6+ Ke7 34. Re1+ Kd8 35. Qb6+ 1-0

[Event "Czech Open Rapid 2019"]
[Site "Pardubice"]
[Date "2019.07.18"]
[Round "9.29"]
[White "Gorbatenko, Alexander"]
[Black "Mandak, Miroslav"]
[Result "1/2-1/2"]
[WhiteElo "2048"]
[BlackElo "1993"]
[Annotator "NA"]
[PlyCount "120"]
[EventDate "2019.07.17"]
[EventType "swiss"]
[EventCountry "CZE"]
[SourceTitle "playchess.com"]
[Source "ChessBase"]
[SourceQuality "1"]

1. e4 c5 2. Nf3 e6 3. d3 Nc6 4. g3 Qc7 5. Bg2 Nf6 6. O-O Be7 7. Re1 d6 8. Nbd2 O-O 9. Nf1 Rb8 10. c3 Nd7 11. h4 Re8 12. Bf4 b5 13. d4 e5 14. Be3 Nb6 15. b3 Bg4 16. N1h2 Bd7 17. Rc1 Rbd8 18. d5 Nb8 19. h5 h6 20. Qd2 Kh7 21. Kh1 Qc8 22. Ng1 Rf8 23. f3 Rde8 24. Qe2 a6 25. Qf1 Qd8 26. Bh3 Bg5 27. Bxd7 N6xd7 28. g4 g6 29. Qh3 Bxe3 30. Rxe3 Qg5 31. Rce1 Rg8 32. hxg6+ fxg6 33. Qg3 Qf6 34. Kg2 Kg7 35. Nh3 g5 36. Nf1 Nf8 37. Qf2 Ng6 38. Ng3 Nh4+ 39. Kh2 Kh7 40. Nf5 Nxf5 41. exf5 Re7 42. Ng1 Rge8 43. Re4 Nd7 44. Ne2 Qg7 45. Ng3 Nf6 46. Rd1 Qf7 47. Kg2 Kg7 48. Qd2 Rh8 49. Ree1 Kf8 50. Rh1 Qg7 51. Rde1 Qf7 52. c4 b4 53. Ne4 Nxe4 54. fxe4 Qf6 55. Rh5 Reh7 56. Reh1 Kg7 57. Kf3 Ra8 58. Qb2 Ra7 59. a3 a5 60. a4 Rh8 1/2-1/2

[Event "Czech Open Rapid 2019"]
[Site "Pardubice"]
[Date "2019.07.18"]
[Round "9.30"]
[White "Castrillon Gomez, Melissa"]
[Black "Hagemann, Sven"]
[Result "1-0"]
[WhiteElo "2245"]
[BlackElo "2014"]
[Annotator "NA"]
[PlyCount "73"]
[EventDate "2019.07.17"]
[EventType "swiss"]
[EventCountry "CZE"]
[SourceTitle "playchess.com"]
[Source "ChessBase"]
[SourceQuality "1"]

1. d4 Nf6 2. Nf3 e6 3. c4 Bb4+ 4. Nbd2 c5 5. e3 O-O 6. Bd3 d5 7. O-O cxd4 8. exd4 dxc4 9. Nxc4 Nc6 10. Bg5 Be7 11. Rc1 Kh8 12. Bb1 Nd5 13. Bxe7 Qxe7 14. Nce5 Bd7 15. Nxd7 Qxd7 16. Ne5 Nxe5 17. dxe5 Rac8 18. Qd3 g6 19. Qa3 b6 20. Be4 Kg7 21. Rcd1 Rfd8 22. Bxd5 exd5 23. f4 Qf5 24. Qxa7 Rc6 25. Qe7 Rd7 26. Qh4 Rc2 27. Rf2 Rc4 28. g4 Rxf4 29. gxf5 Rxh4 30. f6+ Kg8 31. Rc2 h6 32. Rc8+ Kh7 33. Re8 Re4 34. Kf2 g5 35. Re7 Rxe7 36. fxe7 Rxe5 37. Re1 1-0

[Event "Czech Open Rapid 2019"]
[Site "Pardubice"]
[Date "2019.07.18"]
[Round "9.30"]
[White "Nehyba, Martin"]
[Black "Roskova, Katerina"]
[Result "0-1"]
[WhiteElo "2090"]
[BlackElo "1972"]
[Annotator "NA"]
[PlyCount "126"]
[EventDate "2019.07.17"]
[EventType "swiss"]
[EventCountry "CZE"]
[SourceTitle "playchess.com"]
[Source "ChessBase"]
[SourceQuality "1"]

1. e4 c5 2. c3 d5 3. exd5 Qxd5 4. d4 Nf6 5. Nf3 Bg4 6. dxc5 Qxd1+ 7. Kxd1 e6 8. b4 Nc6 9. Bd3 a5 10. Bd2 Nd5 11. Bb5 Be7 12. a3 O-O 13. Bxc6 bxc6 14. Kc2 Bf6 15. Ra2 Rfb8 16. Kb3 e5 17. c4 Nf4 18. Bc3 Nd3 19. h3 Bxf3 20. gxf3 Nxc5+ 21. Kb2 axb4 22. axb4 Nd3+ 23. Kb3 Rxa2 24. Kxa2 Nxb4+ 25. Kb3 Nd3+ 26. Kc2 Nxf2 27. Rh2 Nd1 28. Kxd1 Rxb1+ 29. Kd2 Rf1 30. Ke2 Rc1 31. Kd2 Bg5+ 32. Kd3 f6 33. h4 Bf4 34. Ra2 Rd1+ 35. Ke2 Rh1 36. Ra6 Rxh4 37. Rxc6 Rh2+ 38. Kd3 Rf2 39. Ke4 g6 40. Rxf6 Re2+ 41. Kd5 Re3 42. Bb2 Rxf3 43. Bxe5 Rd3+ 44. Ke4 Bxe5 45. Kxe5 Kg7 46. Rd6 Rc3 47. Kd4 Rc1 48. c5 h5 49. c6 h4 50. Rd7+ Kf6 51. Rd6+ Kf5 52. Rd5+ Kf4 53. Rc5 Rd1+ 54. Kc3 Rd8 55. c7 Rc8 56. Kd2 h3 57. Rc4+ Kg3 58. Rc6 g5 59. Ke2 h2 60. Rh6 Rxc7 61. Rh5 g4 62. Kf1 Rf7+ 63. Ke1 Kg2 0-1

[Event "Czech Open Rapid 2019"]
[Site "Pardubice"]
[Date "2019.07.18"]
[Round "9.31"]
[White "Zdrazil, Jan"]
[Black "Skliba, Martin"]
[Result "0-1"]
[WhiteElo "1967"]
[BlackElo "2306"]
[Annotator "TA"]
[PlyCount "90"]
[EventDate "2019.07.17"]
[EventType "swiss"]
[EventCountry "CZE"]
[SourceTitle "playchess.com"]
[Source "ChessBase"]
[SourceQuality "1"]

1. e4 c5 2. Nf3 e6 3. d4 cxd4 4. Nxd4 a6 5. Nc3 Qc7 6. Bd3 Nc6 7. Nxc6 bxc6 8. Be3 d5 9. Qe2 Nf6 10. f4 Bb4 11. e5 Nd7 12. O-O Bc5 13. Bxc5 Nxc5 14. Qg4 g6 15. Kh1 Bb7 16. Qg5 Qe7 17. Qxe7+ Kxe7 18. Be2 a5 19. a3 a4 20. Bf3 h5 21. Rfd1 Ba6 22. Rd4 Bc4 23. Kg1 Rhb8 24. Rb1 Rb6 25. Kf2 Rab8 26. Nd1 Nd7 27. Be2 c5 28. Rd2 Bxe2 29. Kxe2 c4 30. Ke3 Nc5 31. Kd4 Ne4 32. Re2 g5 33. g3 gxf4 34. gxf4 Rg8 35. Ne3 c3 36. b4 axb3 37. Rxb3 Rgb8 38. Rxb6 Rxb6 39. Nd1 Rc6 40. Re3 Rc4+ 41. Kd3 Ra4 42. Nxc3 Rxa3 43. Kd4 Nxc3 44. Rxc3 Ra4+ 45. Kd3 Rxf4 0-1

[Event "Czech Open Rapid 2019"]
[Site "Pardubice"]
[Date "2019.07.18"]
[Round "9.31"]
[White "Effenberger, Adam"]
[Black "Nemec, Jachym"]
[Result "0-1"]
[WhiteElo "1797"]
[BlackElo "1927"]
[Annotator "NA"]
[PlyCount "66"]
[EventDate "2019.07.17"]
[EventType "swiss"]
[EventCountry "CZE"]
[SourceTitle "playchess.com"]
[Source "ChessBase"]
[SourceQuality "1"]

1. e4 c5 2. Nf3 d6 3. d4 cxd4 4. Nxd4 Nf6 5. Nc3 a6 6. Be3 e5 7. Nb3 Be7 8. f3 O-O 9. Qd2 Be6 10. O-O-O h5 11. f4 b5 12. f5 Bxb3 13. axb3 Nbd7 14. Bg5 b4 15. Ne2 Nxe4 16. Bxe7 Qxe7 17. Qe1 Ndf6 18. Ng3 Nxg3 19. hxg3 d5 20. Be2 Qc5 21. Bxh5 Rac8 22. Rd2 e4 23. Bd1 e3 24. Re2 d4 25. g4 Rfd8 26. Qh4 Kf8 27. g5 Ng8 28. Qf4 d3 29. Rxe3 dxc2 30. Be2 Qa5 31. Bc4 Qa1+ 32. Kxc2 Qxh1 33. Qe4 Qd1# 0-1

[Event "Czech Open Rapid 2019"]
[Site "Pardubice"]
[Date "2019.07.18"]
[Round "9.32"]
[White "Maiorov, Nikita"]
[Black "Ilkiv, Andrii"]
[Result "0-1"]
[WhiteElo "2522"]
[BlackElo "1703"]
[Annotator "TA"]
[PlyCount "82"]
[EventDate "2019.07.17"]
[EventType "swiss"]
[EventCountry "CZE"]
[SourceTitle "playchess.com"]
[Source "ChessBase"]
[SourceQuality "1"]

1. c4 e5 2. Nc3 Nf6 3. g3 Be7 4. Bg2 O-O 5. d3 c6 6. Nf3 Qc7 7. O-O d5 8. cxd5 cxd5 9. Bg5 Be6 10. Rc1 Nc6 11. d4 e4 12. Bf4 Qb6 13. Na4 Qa5 14. Ne5 Rac8 15. Nxc6 bxc6 16. a3 Nd7 17. b4 Qa6 18. Ra1 Nb6 19. Nxb6 axb6 20. Be3 Bf6 21. Qd2 c5 22. bxc5 bxc5 23. dxc5 Bxa1 24. Rxa1 Rb8 25. Bf4 Rb3 26. a4 Rc8 27. Bd6 Ra8 28. Bf1 Qb7 29. Qc1 Qc6 30. a5 f6 31. e3 Bc8 32. Qc2 Rb7 33. Qc3 Rba7 34. h3 Ba6 35. Bxa6 Rxa6 36. Kg2 Rc8 37. Qb4 Rca8 38. g4 Kf7 39. h4 Ke6 40. Kg3 R6a7 41. h5 Qb7 0-1

[Event "Czech Open Rapid 2019"]
[Site "Pardubice"]
[Date "2019.07.18"]
[Round "9.32"]
[White "Sreyas Payyappat"]
[Black "Rosko, Lubos"]
[Result "1-0"]
[WhiteElo "2072"]
[BlackElo "2309"]
[Annotator "NA"]
[PlyCount "102"]
[EventDate "2019.07.17"]
[EventType "swiss"]
[EventCountry "CZE"]
[SourceTitle "playchess.com"]
[Source "ChessBase"]
[SourceQuality "1"]

1. e4 c5 2. Nf3 d6 3. d4 cxd4 4. Nxd4 Nf6 5. Nc3 a6 6. f4 e5 7. Nf3 Nbd7 8. Be2 Be7 9. O-O O-O 10. f5 b5 11. a3 Bb7 12. Bd3 Rc8 13. Bg5 d5 14. exd5 Nxd5 15. Bxe7 Qxe7 16. Nxd5 Bxd5 17. Re1 e4 18. Bf1 Nf6 19. Nd4 Bb7 20. c3 Rfe8 21. Qb3 Qe5 22. h3 e3 23. a4 Bd5 24. Qd1 bxa4 25. Rxa4 Rb8 26. b3 Qg3 27. c4 Qf2+ 28. Kh2 Bb7 29. Qe2 Qf4+ 30. g3 Qxd4 31. Bg2 Bxg2 32. Kxg2 Rxb3 33. Rxa6 Rb2 34. Ra2 Rxe2+ 35. Raxe2 Qxc4 36. g4 Nd5 37. Kg3 Qf4+ 38. Kg2 h5 39. gxh5 Qg5+ 40. Kf3 Qxf5+ 41. Kg3 Qg5+ 42. Kf3 Qxh5+ 43. Kg3 Re6 44. Kh2 Qe5+ 45. Kh1 Qe4+ 46. Kh2 Qf4+ 47. Kh1 Qf3+ 48. Kh2 Nf4 49. Rc2 Qxh3+ 50. Kg1 Rg6+ 51. Rg2 Qxg2# 1-0

[Event "Czech Open Rapid 2019"]
[Site "Pardubice"]
[Date "2019.07.18"]
[Round "9.33"]
[White "Rakshitta Ravi"]
[Black "Sysolyatin, Evgeny"]
[Result "1-0"]
[WhiteElo "2112"]
[BlackElo "2271"]
[Annotator "NA"]
[PlyCount "59"]
[EventDate "2019.07.17"]
[EventType "swiss"]
[EventCountry "CZE"]
[SourceTitle "playchess.com"]
[Source "ChessBase"]
[SourceQuality "1"]

1. e4 e5 2. Nf3 Nc6 3. Bc4 Bc5 4. O-O Nf6 5. d4 Bxd4 6. Nxd4 Nxd4 7. f4 d6 8. fxe5 dxe5 9. Bg5 Be6 10. Na3 Bxc4 11. Nxc4 Nc6 12. Bxf6 gxf6 13. c3 Qxd1 14. Raxd1 Rd8 15. Rxd8+ Kxd8 16. Ne3 Kd7 17. Rxf6 Rf8 18. Ng4 Ke7 19. Rh6 Rd8 20. h4 Rd1+ 21. Kh2 Rd2 22. Rxh7 Rxb2 23. h5 Rxa2 24. h6 Rd2 25. Rh8 f5 26. exf5 Kf7 27. f6 Kg6 28. Rg8+ Kh7 29. Rg7+ Kh8 30. f7 1-0